000 01078cam a2200277 a 4500
003 EG-GiCUC
008 160316s2008 ua g 000 0 ara d
017 _a2007 / 32441
_bمصر . دار الكتب
020 _a9775675671
040 _aEG-GiCUC
_bara
_cEG-GiCUC
092 0 4 _a302.2
_bS5254d
_221
099 _a04
_a302.2 S5254d
100 1 _aشفيق : حسنين
245 1 0 _aسيكولوجية الاعلام :
_bدراسات متطورة فى علم النفس الاعلامى /
_cحسنين شفيق
246 3 1 _aMedia Psychology
260 _aالقاهرة :
_bدار فكر و فن للطباعة و النشر و التوزيع :
_c2008
300 _a322ص ؛
_c24سم
504 _aيشتمل على ارجاعات ببليوجرافية (ص315-322)
650 7 _aالاعلام
_2qrmak
650 7 _aوسائل الاعلام
_xالجوانب النفسية
_2qrmak
902 _a3
905 _aابراهيم
_eمراجع
905 _aرضا
_eمدخل
942 _2ddc
_cBK
999 _c143078
_d143078